000 01312nam a22001937a 4500
008 200625b xxu||||| |||| 00| 0 eng d
020 _a9781584260738
050 _aKF3827.R4 F86(2e)
245 _aFundamentals of law for health informatics and information management. /
_cedited by Melanie S. Brodnik, Laurie A. Rinehart-Thompson and Rebecca B. Reynolds.
250 _a2nd ed.
260 _aChicago :
_bAHIMA Press,
_c2012.
300 _axxviii, 552 p. :
_bill. ,
_c28 cm.
500 _aIncludes index and glossary.
505 _aContents: Introduction to the fundamentals of law for health informatics and information management -- The legal system in the United States -- Civil procedure -- Evidence -- Tort law -- Corporations, contracts, and antitrust legal issues -- Consent to treatment -- The legal health record: maintenance, content, documentation, and disposition -- The HIPAA privacy rule -- The HIPAA security rule -- Security threats and controls -- Access, use and disclosure/release of health information -- Required reporting and mandatory disclosure laws -- Risk management and quality improvement -- Corporate compliance -- Medical staff -- Workplace law.
700 _aBrodnik, Melanie S.
700 _aRinehart-Thompson, Laurie A.
700 _aReynolds, Rebecca B.
942 _2lcc
_cBK
999 _c7391
_d14891